LEADER 01790nam 2200349 n 450 001 996390504003316 005 20200824121214.0 035 $a(CKB)4940000000099080 035 $a(EEBO)2240873470 035 $a(UnM)99827220e 035 $a(UnM)99827220 035 $a(EXLCZ)994940000000099080 100 $a19950207d1659 uy | 101 0 $aeng 135 $aurbn||||a|bb| 200 04$aThe common accidence examined, and explained, by short questions and answers, according to the very words of the book$b[electronic resource] $eConducing very much to the ease of the teacher, and the benefit of the learner. Being helpful to the better understanding of the rudiments and grounds of grammar, delivered in that and the like introductions, to the Latine tongue. Written heretofore, and made use of in Rotheram School, and now published for the profit of young beginners in that and other schools. By Charles Hoole Mr. of Arts, now teacher of a private grammar school neer Lothbury, London 210 $aLondon $cprinted by T.M. and are to be sold by John Clark jun. at the lower end of Cheap-side entring into Mercers Chapel$d1659 215 $a[2], 153, [17] p 300 $aAn edition of Hoole, Charles. The common accidents examined. 300 $aReproduction of the original in the British Library. 330 $aeebo-0018 606 $aLatin language$xGrammar$vEarly works to 1800 615 0$aLatin language$xGrammar 700 $aHoole$b Charles$f1610-1667.$0793350 801 0$bCu-RivES 801 1$bCu-RivES 801 2$bCStRLIN 801 2$bWaOLN 906 $aBOOK 912 $a996390504003316 996 $aThe common accidence examined and explained by short questions and answers according to the very words of the book$92329406 997 $aUNISA LEADER 03039nam 2200601 450 001 9910797360503321 005 20200520144314.0 010 $a0-00-087903-7 010 $a1-935864-98-X 035 $a(CKB)3710000000446104 035 $a(EBL)3440239 035 $a(OCoLC)940510684 035 $a(SSID)ssj0001267924 035 $a(PQKBManifestationID)12477812 035 $a(PQKBTitleCode)TC0001267924 035 $a(PQKBWorkID)11265508 035 $a(PQKB)10635684 035 $a(Au-PeEL)EBL3440239 035 $a(CaPaEBR)ebr11078058 035 $a(MiAaPQ)EBC3440239 035 $a(EXLCZ)993710000000446104 100 $a20150724h20142014 uy 0 101 0 $aeng 135 $aur|n|---||||| 181 $ctxt 182 $cc 183 $acr 200 00$aSurgical oncology nursing /$fedited by Gail Wych Davidson, MS, NP-C, OCN, Joanne L. Lester, PhD, CNP, AOCN, Meghan Routt, RN, MSN, GNP/ANP-BC, AOCNP 210 1$aPittsburgh, Pennsylvania :$cOncology Nursing Society,$d2014. 210 4$dİ2014 215 $a1 online resource (296 p.) 300 $aDescription based upon print version of record. 311 $a1-935864-29-7 320 $aIncludes bibliographical references at the end of each chapters and index. 327 $aPreface; CHAPTER 1. Overview; CHAPTER 2. Diagnosis of Cancer; CHAPTER 3. Preoperative Care of the Patient With Cancer; CHAPTER 4. Perioperative Care of the Patient With Cancer; CHAPTER 5. Pediatric Implications in Surgical Oncology; CHAPTER 6. Geriatric Implications in Surgical Oncology; CHAPTER 7. Surgical Care of Head and Neck Cancers; CHAPTER 8. Surgical Care of Breast Cancer; CHAPTER 9. Surgical Care of Lung Cancer; CHAPTER 10. Surgical Care of Upper Gastrointestinal Cancers; CHAPTER 11. Surgical Care of Lower Gastrointestinal Cancers 327 $aCHAPTER 12. Surgical Care of Cancers of the Female PelvisCHAPTER 13. Surgical Care of Cancers of the Male Pelvis and Urologic Cancers; CHAPTER 14. Surgical Care of Skin Cancer; CHAPTER 15. Surgical Care of Brain Tumors; CHAPTER 16. Surgical Care of Bone Cancers; CHAPTER 17. Surgical Care of Neuroendocrine and Other Endocrine Cancers; CHAPTER 18. Robotic Minimally Invasive Surgery; CHAPTER 19. Interventional Radiology: Diagnosis and Treatment ; CHAPTER 20. Intraoperative Radiation Therapy; CHAPTER 21. Reconstructive Surgery; CHAPTER 22. Nutritional Care of the Surgical Patient 327 $aCHAPTER 23. Surgical Wounds and Ostomy CareCHAPTER 24. Survivorship Issues in Surgical Oncology Nursing; Index 606 $aCancer$xNursing 606 $aOperating room nursing 615 0$aCancer$xNursing. 615 0$aOperating room nursing. 676 $a610.73698 702 $aDavidson$b Gail Wych 702 $aLester$b Joanne L. 702 $aRoutt$b Meghan 712 02$aOncology Nursing Society, 801 0$bMiAaPQ 801 1$bMiAaPQ 801 2$bMiAaPQ 906 $aBOOK 912 $a9910797360503321 996 $aSurgical oncology nursing$93725499 997 $aUNINA